Taylor Swift - Chansons de l'album folklore par ordre alphabétique - Statistiques

Statistiques générales
  • Ce quiz a été pris 119 fois
  • Le résultat moyen est 15 sur 17
Statistiques - réponses
Hint Réponse % Correct
C cardigan
97%
Chiffre the 1
97%
A august
96%
B betty
96%
I illicit affairs
93%
H hoax
92%
E exile
91%
M my tears ricochet
89%
L the lakes
88%
M mirrorball
87%
E epiphany
86%
P peace
86%
L the last great american dynasty
86%
I invisible string
84%
M mad woman
84%
S seven
82%
T this is me trying
82%
Aucun quiz correspondant
Distribution des résultats
% des personnes avec chaque résultat
Percentile par nombre de réponses
Votre historique - résultats
Vous n’avez pas pris ce quiz